00376nam a2200109Ia 4500082002500000100001800025245005700043260001800100300001000118500010900128710002900237 aRR 016.3092309678 GE aMaro, Paul S. 0aGeography of Tanzania's development : A Bibliography an.p.bn.p.c0 a120p. aSpecial Number of the Journal of the Geographical Association of Tanzania No.21/22 Dec. 1981 - June 1982 aMaro, Valeries R. jt. au